Statistics for Biggest Cities in the Lombard Kingdom of Italy in 755 AD with a Map

Click here to take the quiz!

General Stats

  • This quiz has been taken 174 times
  • The average score is 18 of 28

Answers on the Map

Answers color-coded by a green-red scale on the quiz's map according to % correct below.
 

Answer Stats

PopulationCities% Correct
21kMediolanum
(Milan)
99%
3kFlorentia
(Florence)
95%
7kGenua
(Genoa)
95%
4kBononia
(Bologna)
89%
3kPisae
(Pisa)
86%
8kVerona
79%
12kRavenna
78%
3kMutina
(Modena)
73%
3kParma
73%
3kPatavium
(Padua)
73%
3kLuca
(Lucca)
70%
3kSaena Iulia
(Siena)
70%
3kTarentum
(Taranto)
67%
3kBrixia
(Brescia)
64%
3kAncona
61%
3kBergomum
(Bergamo)
61%
5kBeneventum
(Benevento)
55%
3kComum
(Como)
55%
4kMantua
55%
4kRegium Lepidi
(Reggio Emilia)
53%
4kPapia
(Pavia)
51%
3kPlacentia
(Piacenza)
50%
3kCremona
46%
3kForum Livii
(Forlì)
45%
3kPistoria
(Pistoia)
40%
3kBarduli
(Barletta)
35%
3kFaventia
(Faenza)
28%
3kSilvium
(Gravina in Puglia)
13%

Score Distribution

Percentile by Number Answered

Percent of People with Each Score

Your Score History

You have not taken this quiz